000 00657nam a2200193 i 4500
001 74879
003 ES-MaACL
005 20230906172256.0
007 t|
008 040921s1940 cu ||||1| spa d
100 1 _aGovea Peña, J.
_959381
245 1 3 _aEl aparato cardiovascular en el hipertiroidismo /
_cpor J. Govea Peña, López-Fernández y M. Villaverde.
260 _aLa Habana :
_b[s.n.,
_c1940]
300 _a6 h. ;
_c27 cm.
500 _aEs Separata de: Crónica Médico Quirúrjica de La Habana, nº 74, abril 1940.
700 1 _aLópez-Fernández.
_973635
700 1 _aVillaverde, Manuel.
_9115180
852 _aES-MaACL
_j1846-F-14
_bR.20332
999 _c74879
_d74879